<?xml version="1.0" encoding="UTF-8"?><?xml-stylesheet type="text/xsl" href="static/style.xsl"?><OAI-PMH xmlns="http://www.openarchives.org/OAI/2.0/" xmlns:xsi="http://www.w3.org/2001/XMLSchema-instance" xsi:schemaLocation="http://www.openarchives.org/OAI/2.0/ http://www.openarchives.org/OAI/2.0/OAI-PMH.xsd"><responseDate>2026-04-28T19:49:34Z</responseDate><request verb="GetRecord" identifier="oai:uvadoc.uva.es:10324/7260" metadataPrefix="marc">https://uvadoc.uva.es/oai/request</request><GetRecord><record><header><identifier>oai:uvadoc.uva.es:10324/7260</identifier><datestamp>2021-06-29T10:06:16Z</datestamp><setSpec>com_10324_38</setSpec><setSpec>col_10324_852</setSpec></header><metadata><record xmlns="http://www.loc.gov/MARC21/slim" xmlns:doc="http://www.lyncode.com/xoai" xmlns:xsi="http://www.w3.org/2001/XMLSchema-instance" xmlns:dcterms="http://purl.org/dc/terms/" xsi:schemaLocation="http://www.loc.gov/MARC21/slim http://www.loc.gov/standards/marcxml/schema/MARC21slim.xsd">
<leader>00925njm 22002777a 4500</leader>
<datafield tag="042" ind1=" " ind2=" ">
<subfield code="a">dc</subfield>
</datafield>
<datafield tag="720" ind1=" " ind2=" ">
<subfield code="a">Martínez Álvarez, Paula</subfield>
<subfield code="e">author</subfield>
</datafield>
<datafield tag="260" ind1=" " ind2=" ">
<subfield code="c">2014</subfield>
</datafield>
<datafield tag="520" ind1=" " ind2=" ">
<subfield code="a">Este trabajo constituye un acercamiento a la realidad alimenticia de un grupo de niños cuyas edades están comprendidas entre los 3 y los 6 años. El contexto en el que se lleva a cabo este estudio es el medio rural, ya que esta realidad suele ser olvidada frecuentemente, reproduciendo la mayoría de las veces el entorno urbano.&#xd;
Para ello se analiza los hábitos alimenticios de estos sujetos, a la vez que se evidencian algunas de las variables que están influyendo sobre su alimentación.</subfield>
</datafield>
<datafield tag="024" ind2=" " ind1="8">
<subfield code="a">http://uvadoc.uva.es/handle/10324/7260</subfield>
</datafield>
<datafield ind1=" " ind2=" " tag="653">
<subfield code="a">Niños - Alimentación</subfield>
</datafield>
<datafield ind1=" " ind2=" " tag="653">
<subfield code="a">Niños - Salud e higiene</subfield>
</datafield>
<datafield tag="245" ind1="0" ind2="0">
<subfield code="a">Estudio de los hábitos alimenticios del alumnado de Educación Infantil, a través del análisis comparativo en dos poblaciones rurales de Valladolid</subfield>
</datafield>
</record></metadata></record></GetRecord></OAI-PMH>